| 000 | 01315nam a2200349Ia 4500 | ||
|---|---|---|---|
| 001 | ebr10278773 | ||
| 003 | CaPaEBR | ||
| 006 | m u | ||
| 007 | cr cn||||||||| | ||
| 008 | 080314s2008 enk sb 000 p eng d | ||
| 010 | _z 2008011595 | ||
| 020 | _z9780199208555 | ||
| 020 | _z0199208557 | ||
| 040 |
_aCaPaEBR _cCaPaEBR |
||
| 035 | _a(OCoLC)313062089 | ||
| 050 | 1 | 4 |
_aBL1900.L26 _bE5 2008eb |
| 100 | 0 | _aLaozi. | |
| 240 | 1 | 0 |
_aDao de jing. _lEnglish |
| 245 | 1 | 0 |
_aDaodejing _h[electronic resource] / _cLaozi ; translated with notes by Edmund Ryden ; with an introduction by Benjamin Penny. |
| 260 |
_aOxford ; _aNew York : _bOxford University Press, _c2008. |
||
| 300 | _axxxvi, 187 p. | ||
| 490 | 1 | _aOxford world's classics | |
| 504 | _aIncludes bibliographical references (p. [169]-187). | ||
| 533 |
_aElectronic reproduction. _bPalo Alto, Calif. : _cebrary, _d2011. _nAvailable via World Wide Web. _nAccess may be limited to ebrary affiliated libraries. |
||
| 650 | 0 |
_aTaoism _vSacred books. |
|
| 650 | 0 | _aReligion. | |
| 655 | 7 |
_aElectronic books. _2local |
|
| 700 | 1 | _aRyden, Edmund. | |
| 710 | 2 | _aebrary, Inc. | |
| 830 | 0 | _aOxford world's classics. | |
| 856 | 4 | 0 |
_uhttp://site.ebrary.com/lib/rucke/Doc?id=10278773 _zAn electronic book accessible through the World Wide Web; click to view |
| 999 |
_c5096 _d5096 |
||